| 000 | 00442nam a2200193Ia 4500 | ||
|---|---|---|---|
| 003 | 0100 | ||
| 008 | 130303s9999 xx 000 0 und d | ||
| 040 | _cARRUPELIB | ||
| 050 | _aCB359.S6531971 | ||
| 100 | _aSpitz, Lewis W | ||
| 245 | 4 | _aThe Renaissance and Reformation Movements | |
| 260 | _aChicago | ||
| 260 | _bRand McNally Company | ||
| 260 | _C1971 | ||
| 300 | _a614p | ||
| 650 | _bTruth | ||
| 650 | _cReligions | ||
| 942 | 0 | 0 | _01 |
| 999 |
_c33018 _d33018 |
||